[Event "Werder Bremen IM-Turnier"]
[Site "?"]
[Date "2018.06.21"]
[Round "6.2"]
[White "Osmanodja, Filiz"]
[Black "Ahlander, Björn"]
[Result "0-1"]
[WhiteElo "2352"]
[BlackElo "2435"]
[Annotator "Björn Ahlander"]
[PlyCount "126"]
[EventDate "2018.??.??"]

{This game was played in the sixth round and we both needed a win to catch up
with the leaders and not lose more ground.} 1. e4 {The game was very
complicated with mistakes from both sides and it shows cruely how much better
the computers are than humans when it comes to pure calculation.} c5 2. Nc3 Nc6
3. Nf3 g6 {For the first time in 35 years I decided to play the Dragon with
black in a real game. In blitz I play it sometimes. It is a very interesting
opening and it´s shame one doesn´t play it more often.} 4. d4 cxd4 5. Nxd4
Bg7 6. Be3 d6 7. Bc4 Nf6 8. f3 O-O 9. Qd2 Bd7 10. O-O-O Rb8 {The Chinese
variation, that even Magnus Carlsen, the world champion, sometimes play.} 11.
Bb3 Na5 12. h4 b5 13. Kb1 Nc4 14. Bxc4 bxc4 15. Ka1 h5 {[#]} 16. Nde2 {This
was a new move to me, here I had to start thinking myself.} (16. Rb1 Qa5 17.
Bh6 Bxh6 18. Qxh6 Rb6 19. g4 hxg4 20. Qe3 Rfb8 21. h5 g5 22. fxg4 Nxg4 23. Qd2
f6 24. Nf3 Ra6 25. Rhg1 Rb4 26. a3 Be6 27. e5 dxe5 28. Nxg5 Bf5 29. Nge4 Kh7
30. Qe2 Nh6 31. Rg3 Be6 32. Rg6 Nf5 33. Qg4 Nh4 34. Ng5+ fxg5 35. Qxg5 Nxg6 36.
Qxg6+ Kh8 37. Rg1 {1-0 (37) Carlsen,M (2775)-Radjabov,T (2744) Bilbao 2008})
16... Qa5 17. Bd4 e5 18. Be3 Qb4 19. Rb1 ({I was a bit worried about} 19. b3 {
with the idea of winning the d6-pawn, but it is more humanlike to avoid
weaknesses around one´s own king.}) 19... Be6 20. Bh6 ({Even here was a
possibility of trying to win the d6-pawn with} 20. a3) 20... Rfd8 21. Bxg7 Kxg7
22. Qg5 Qc5 {Getting the queen closer to the center of the board, sometimes
the squares f2, e3, e5 can be important.} 23. g4 Nh7 24. Qc1 hxg4 25. f4 (25.
h5 g5 26. fxg4 Bxg4 27. Qd2 {with an unclear game would have been better.
After 25. f4 black gets slightly better.}) 25... exf4 26. Nxf4 Qe5 {[#] I
loved seeing my queen on e5 where it´s almost untouchable. I was maybe
overestamating my position here. I thought I was clearly better.} 27. h5 g5 28.
h6+ Kh8 29. Nxe6 fxe6 30. Qg1 d5 $2 (30... Rd7 31. Qxg4 Nf6 32. Qf3 g4 {
and black is maybe slightly better}) 31. exd5 exd5 32. Re1 {[#]} Qd6 $2 (32...
Qf6 {was better, but I thought I was playing for a win. In fact my position is
close to losing.}) 33. Qxa7 Rd7 34. Qd4+ Qf6 35. Qxg4 Rdb7 36. Re6 Qf2 {[#]}
37. Rb1 $2 {Very natural, but} (37. Qd1 $1 Rxb2 38. Rf1 {and thanks to the
threat of Qd4-g7 mate, white is winning on the spot.}) 37... d4 38. Nd5 $2 (38.
Ne4 $1 Ra7 {threatening to take on a2 but} 39. Nc5 Rba8 40. Ra6 $1 {and white
is clearly better.}) 38... Rxb2 39. Rb6 $2 (39. Re8+ $1 Rxe8 40. Kxb2 Rb8+ 41.
Ka1 Rxb1+ 42. Kxb1 Qf1+ 43. Kb2 c3+ 44. Ka3 Qa6+ 45. Kb3 {is according to the
computer a draw.}) 39... Rxa2+ (39... R8xb6 $1 40. Nxb6 Rxc2 41. Qc8+ Nf8 42.
Qa8 d3 {was winning, the game continuation is only better for black. The game
goes on.}) 40. Kxa2 Qxc2+ 41. Ka3 Ra8+ 42. Kb4 Qxb1+ 43. Kc5 Ra5+ {[#]} 44. Kc6
$2 (44. Kd6 Qg6+ 45. Ke5 Qe8+ 46. Qe6 Qxe6+ 47. Rxe6 Nf8 48. Re8 Kh7 49. Rxf8
d3 {[%emt 0:00:11] and white has good drawing chances according to Komodo})
44... Qg6+ {Now black´s position is won} 45. Kb7 Qf7+ 46. Nc7 Rd5 $1 {[#]
Defending the important d-pawn.} 47. Qc8+ Nf8 48. Kb8 Qf4 49. Kb7 Rd7 50. Rc6
d3 51. Ka6 c3 52. Ne6 Qa4+ 53. Kb6 Qb4+ 54. Ka6 Rf7 55. Rxc3 d2 56. Rd3 Qa4+ (
56... Rf1 {was winning even quicker, the threat of mate in the a-file is not
easy to cope with.}) 57. Kb6 Qb4+ 58. Ka6 Rf6 59. Rd8 d1=Q 60. Rxd1 Qa4+ 61.
Kb7 Qxd1 62. Nxf8 Qb3+ 63. Kc7 Qc4+ (63... Qb6+ {would have been mate in three,
but again the move I played is more human and in fact my opponent resigned
here.}) 0-1

[Event "Werder Bremen IM-Turnier"]
[Site "SV Werder Bremen, Clubräume "]
[Date "2018.06.21"]
[Round "6.3"]
[White "Molchanov, Oleksii"]
[Black "Skliarov, Viktor"]
[Result "1-0"]
[WhiteElo "2350"]
[BlackElo "2359"]
[Annotator "Oleksii Molchanov"]
[PlyCount "161"]
[EventDate "2018.??.??"]
[WhiteClock "0:04:05"]
[BlackClock "0:06:01"]

1. c4 e5 2. Nc3 Nf6 3. Nf3 Nc6 4. e3 Bb4 5. Qc2 Bxc3 6. bxc3 d6 7. e4 {'[#]
White chooses the scheme that doesn't pretend for opening advantage but
achieve a pair of bishops. If white can make centre unstable he will get an
advantage due to the black knights that wouldn't have outposts in the center.
Black should try to stabilize the pawn structure so that the bishop pair
wouldn't really matter anything. These are strategic points for both sides.
Though computer easilly manages with black problems evaluating the postion =0.
00 but it's not so easy to do for the human.'} Nh5 8. Qd1 $6 (8. g3 $5) 8...
Qf6 $6 (8... O-O $5 9. Nxe5 $2 Nxe5 10. Qxh5 Bg4 $19) 9. g3 Bg4 10. Be2 g6 11.
d3 Bxf3 12. Bxf3 Ng7 13. Bg2 Ne6 14. Rb1 Rb8 15. O-O O-O 16. f4 {'[#] Black
played some dubious moves in a row and white starts to attack the center to
open files for rooks and bishops.'} exf4 17. d4 {Strategic battle is won.
White achieves a strong center with the support of bishop pair.} Na5 18. gxf4
Nxc4 19. f5 Ng7 20. Qg4 Qd8 21. Bh6 c5 22. Rbd1 {I felt that Bxg7 should be
winning on the spot but after spending about 20 minutes I understood the
position is better but didn't see something concrete just to finish the game.
So I had to return to my first candidate move and lost the thread of the game.}
({Instead,} 22. Bxg7 $5 Kxg7 23. f6+ Kh8 24. Qg5 Nb6 25. Rf4 Nd7 26. Bh3 $1 {
[#] With the threat to take the knight and to give mate. Black has nothing
better but to sacrifice the knight} Nxf6 27. Rxf6 $18) 22... cxd4 23. cxd4 b5
24. Bxg7 Kxg7 25. f6+ Kh8 26. Qg5 Re8 27. Rf4 Re6 28. Bh3 Qf8 29. Bxe6 $18 fxe6
30. f7 Qg7 31. Qe7 Rf8 {[#]} 32. Qxe6 $2 (32. e5 $18 {Doesn't allow black any
couterplay.}) 32... Nb2 33. Rd2 Nc4 34. Rdf2 Qxd4 35. Qd5 Qxd5 36. exd5 Kg7 37.
Rf6 a5 38. h3 a4 39. R6f4 Ne5 40. Rf1 Rxf7 41. Rxf7+ Nxf7 42. Rb1 Ng5 43. Rxb5
Nxh3+ 44. Kh2 Nf4 45. Rb4 Nxd5 46. Rxa4 Kf6 47. Rh4 h5 48. a4 Ke6 49. a5 Kd7
50. a6 Kc7 51. Rd4 Nb6 52. Rb4 Nc8 53. Kg3 g5 54. Kf3 h4 55. Kg4 d5 56. Rb1 d4
57. Kxg5 d3 58. Kf4 d2 59. Ke3 d1=Q 60. Rxd1 Kb6 {[#]} 61. Ra1 $2 (61. Rd8 $1
Na7 (61... Ne7 62. a7) 62. Rd6+ Kb5 63. Kf4 $18 {a6 pawn is untouchable.})
61... Na7 62. Kd4 h3 63. Ra2 Nc6+ 64. Kc4 h2 65. Rxh2 Kxa6 66. Kc5 Ne5 $4 {
[#] now the knight and the king are too far from each other so it's
technically winning.} (66... Na7 {with a simple draw}) 67. Re2 $18 Nd3+ 68. Kc4
Nf4 69. Rf2 Nh5 70. Kc5 Kb7 71. Rf5 Ng3 72. Rf7+ Kc8 73. Kd5 Kd8 74. Ke5 Ne2
75. Kd6 Kc8 76. Rc7+ Kb8 77. Rc4 Kb7 78. Ke5 Kb6 79. Rc2 Ng3 80. Rg2 Nf1 81.
Ke4 {catching the knight} 1-0

[Event "Werder Bremen IM-Turnier"]
[Site "SV Werder Bremen, Clubräume "]
[Date "2018.06.21"]
[Round "6.5"]
[White "Wachinger, Nikolas"]
[Black "Reuker, Jari"]
[Result "0-1"]
[WhiteElo "2292"]
[BlackElo "2389"]
[PlyCount "78"]
[EventDate "2018.??.??"]
[WhiteClock "0:02:20"]
[BlackClock "0:01:49"]

1. e4 e5 2. Nf3 Nc6 3. Bb5 a6 4. Ba4 Nf6 5. O-O Be7 6. d3 b5 7. Bb3 d6 8. c3
O-O 9. Re1 Na5 10. Bc2 c5 11. Nbd2 Nc6 12. Nf1 Qc7 13. Ne3 Be6 14. h3 d5 15.
exd5 Nxd5 16. Ng4 f6 17. d4 cxd4 18. cxd4 Rad8 {[#]} 19. Qd3 $4 {Autsch! Nach
dem vorsichtigen 19.Ld2 stand ein komplizierter Kampf bevor.} f5 {greift
gleich 3 Figuren an. Es droht 20... fxg4, 20...e4 und vor allem 20...Scb4.} ({
Sicherlich hatte Nikolas nur} 19... g6 {erwartet und nach z.B.} 20. Bb3 Kh8 21.
Bh6 Rfe8 22. Rac1 {eine chancenreiche Stellung}) 20. Nh6+ gxh6 21. Nxe5 Ncb4
22. Qg3+ Kh8 23. Bb3 {Weiß hat ungenügende Kompensation für die Figur.} f4
24. Qf3 Rf6 25. Bd2 Nc2 26. Rec1 Nxd4 27. Qe4 Qb6 28. Ng4 Nxb3 29. axb3 Bxg4
30. hxg4 Qe6 31. Qf3 Rg6 32. Bxf4 Nxf4 33. Qxf4 Rxg4 34. Qf3 Rdg8 35. Rc6 Rxg2+
36. Kh1 Qe5 37. Rxh6 Rg1+ 38. Rxg1 Rxg1+ 39. Kxg1 Qg5+ 0-1

[Event "Werder Bremen IM-Turnier"]
[Site "SV Werder Bremen, Clubräume "]
[Date "2018.06.22"]
[Round "7.1"]
[White "Reuker, Jari"]
[Black "Grigorian, Spartak"]
[Result "1-0"]
[WhiteElo "2389"]
[BlackElo "2359"]
[Annotator "Spartak Grigorian"]
[PlyCount "187"]
[EventDate "2018.??.??"]
[WhiteClock "0:01:42"]
[BlackClock "0:01:55"]

{[#]} 1. d4 Nf6 2. c4 e6 3. Nc3 Bb4 4. Qc2 O-O 5. a3 Bxc3+ 6. Qxc3 d5 7. Bg5 h6
8. Bxf6 Qxf6 9. Nf3 dxc4 10. Qxc4 Nc6 11. e3 e5 12. d5 e4 13. Nd2 Ne7 14. Nxe4
Qxb2 15. Qc3 Qb6 16. Bc4 Rd8 17. Rd1 Qg6 18. Ng3 c6 19. Bd3 Qg4 20. Be2 Qg6 21.
Bh5 Qf6 22. Qxf6 gxf6 23. dxc6 Rxd1+ 24. Bxd1 Nxc6 25. Nh5 f5 26. Kd2 Be6 27.
Be2 Ne5 28. h3 Rd8+ 29. Kc3 Rc8+ 30. Kb2 Nd7 31. Rd1 Nc5 32. Rd4 Ne4 33. f3 Nc3
34. Nf4 Nxe2 35. Nxe2 Rc5 36. Nf4 Re5 37. Rd3 Kg7 38. Rc3 Kf6 39. h4 Rb5+ 40.
Kc2 Ra5 41. Nd3 Ra4 42. g3 Bd5 43. f4 Ra6 44. Nc5 Rd6 45. Kb2 b6 46. Nb3 Rd8 (
46... Bxb3 {Eine Option war für mich in ein Turmendspiel abzuwickeln, welches
leicht besser für mich sein sollte, da mein König die Route g6-h5-g4
verfügt. Außerdem hat Schwarz am Damenflügel 2 gegen 1.} 47. Rxb3 $6 (47.
Kxb3 Kg6 48. Kc2 a5 (48... Kh5 49. Rc7 Rf6 50. Rxa7 Kg4 51. Kd3 Kxg3 52. Kd4
Kxh4 53. Ke5 Re6+ 54. Kxf5 Rxe3 55. Rxf7 Rxa3 $11) 49. Rc7 Rf6 50. Kd3 Kh5 51.
e4 $1 fxe4+ 52. Kxe4 Kg4 53. Ke5 Rf5+ 54. Ke4 b5 $15 {Sehr unangenehm für
Weiß}) 47... Kg6 48. Rb5 Rf6 49. Kc3 Kh5 50. Kd4 Kg4 $17 {[#]}) 47. Rd3 {
Die Fesslung übersah ich und geriet deshalb etwas in Panik, obwohl alles in
Ordnung ist.} Ke7 (47... Kg6 48. g4 Rd7 (48... fxg4 $6 49. e4 $16) 49. g5 f6
50. gxf6 Kxf6 $11 {Weiß ist die Schwäche g3 los}) 48. Nd2 {[#]} Ke6 $2 {
Irgendwie sah ich diesen Zug als erzwungen, um den Turmtausch zu verhindern
und um Fortschritte zu machen. Allerdings wie beispielsweise die Variante mit
Td6 zeigt wär Turmtausch gut für Schwarz. Schwarz kann auch einfach sein
Turm hin und her ziehen, denn Weiß kommt nicht weiter.} (48... Rd6 49. Rd4 Bc6
50. Rxd6 Kxd6 {Die Türme wollte ich sehr ungerne tauschen, denn danach sah
ich keinen Vorteil. Tatsache ist natürlich, dass Schwarz besser steht, da der
Springer die Einbruchsfelder decken muss und Schwarz eventuell diesen Springer
überlasten kann, indem er einen Freibauer am Damenflügel bildet.} 51. Kc3 Kd5
52. Kd3 Bb5+ 53. Kc3 a5 54. Kb3 Bd7 55. Kc3 Be6 56. Kc2 Kc5 57. Kc3 b5 58. Nf3
(58. Kc2 $2 b4 59. axb4+ Kxb4 $19 {Weiß sollte auf keinen Fall einen
Randfreibauern zulassen.}) 58... b4+ 59. axb4+ axb4+ 60. Kd3 Bc4+ 61. Kc2 Bd5
62. Nd2 {Es scheint so als hätte Weiß eine Festung, aber} Bg2 63. Kb3 Kb5 64.
Kc2 Bd5 65. Kb2 Ka4 66. Nb1 h5 67. Nd2 b3 68. Nb1 (68. Kc3 Ka3 $19) 68... Kb4
69. Nd2 Bg2 70. Nxb3 Kc4 {durch die Opferung des entfernten Freibauers gelangt
der schwarze König zu den Weißen Bauern.} 71. Kc2 Be4+ $1 72. Kb2 Kd3) 49. g4
$1 {Ke6 erlaubt g4, was plötzlich mehr als nur Gegenspiel ist.} fxg4 $1 (49...
Rd7 50. gxf5+ Kf6 51. e4 Bc6 52. Kc3 $16) 50. e4 g3 51. f5+ $1 Ke5 52. exd5 {
[#]} Rxd5 $4 53. Nc4+ $1 {Das Schach Richtung Damenflügel zog ich
lächerlicherweise viel zu kurz in Betracht und hätte mir daher viel mehr
Zeit nehmen müssen für Txd5.} (53. Nf3+ Ke4 (53... Kf4 $3 54. Rxd5 Kxf3 {
siehe 52... Kf4} 55. Rd1 g2 56. Kc3 Kf2 $11 {nach langen Varianten -> Remis})
54. Rxd5 Kxd5 $1 {Noch Stärker als meine geplante Variante} (54... Kxf3 {
siehe 52... Kf4})) 53... Ke4 (53... Kf4 54. Rxd5 {jetzt hängt kein Springer
mehr.}) 54. Rxg3 Kf4 55. Rg7 b5 56. Na5 Rxf5 57. Nc6 Ke4 (57... a6 $1 58. Nb4
a5 59. Nc6 b4 60. a4 h5 61. Nd4 $16 {Natürlich auch besser für Weiß, jedoch
schwieriger.}) 58. Nxa7 Kd4 59. Nc6+ Kc5 60. Nb4 $18 {Nach zäher Verteidigung
bekam ich später noch Chancen auf ein Remis.} Rf2+ 61. Kc3 Rh2 62. Rg4 Rh3+
63. Nd3+ Kb6 64. Rd4 Ka5 65. Kb3 f5 66. a4 $6 {Gewinnt auch, aber meiner
Meinung nach sehr unpraktisch im Endspiel diesen Bauern zu tauschen.} (66. Kc3
$18 {Schwarz ist in Zugzwang}) 66... bxa4+ 67. Rxa4+ Kb5 68. Rb4+ Ka5 69. Ra4+
Kb5 70. Rb4+ Ka5 71. Rd4 f4 72. Rd5+ Kb6 73. h5 f3 74. Kc2 Rh4 75. Kd2 Kc6 76.
Ra5 Re4 77. Ra6+ Kd5 78. Rxh6 Re2+ 79. Kd1 Rh2 80. Ke1 Ke4 81. Nf2+ Kf5 82. Rh8
Kg5 (82... Rh4 $1 {technisch viel besser - bereitet einfach Kg5 vor.} 83. Kd2
Kg5 84. Ke3 Rxh5 $11) 83. Ne4+ {[#]} Kf4 $4 (83... Kf5 84. h6 (84. Ng3+ Kg5 85.
Ne4+ Kf5) 84... Re2+ $3 85. Kf1 Rxe4 86. h7 Kg6 $11) 84. h6 $1 $18 Rh1+ 85. Kf2
Rh2+ 86. Kg1 Rg2+ 87. Kf1 Rb2 88. h7 Ke3 89. Nc3 Rf2+ 90. Ke1 Rh2 91. Nd1+ Kf4
92. Rf8+ Kg3 93. Rg8+ Kf4 94. h8=Q 1-0

[Event "Werder Bremen IM-Turnier"]
[Site "SV Werder Bremen, Clubräume "]
[Date "2018.06.22"]
[Round "7.4"]
[White "Ahlander, Björn"]
[Black "Molchanov, Oleksii"]
[Result "1/2-1/2"]
[WhiteElo "2435"]
[BlackElo "2350"]
[PlyCount "89"]
[EventDate "2018.??.??"]
[WhiteClock "0:36:58"]
[BlackClock "0:19:13"]

1. d4 d5 2. Nc3 e6 3. e4 dxe4 4. Nxe4 Nd7 5. Nf3 Ngf6 6. Nxf6+ Nxf6 7. Bd3 c5
8. dxc5 Bxc5 9. O-O O-O 10. Bg5 Be7 11. Qe2 Qc7 12. Rad1 Rd8 13. Ne5 Bd7 14.
Bxh7+ Kxh7 15. Bxf6 Be8 16. Bxe7 Qxe7 17. Rd3 Rxd3 18. Qxd3+ Kg8 19. Rd1 Rc8
20. c3 Qc5 21. Qe4 Qb6 22. Rd2 Rd8 23. Rxd8 Qxd8 24. Qd4 Qg5 25. f4 Qf5 26. h3
Qb1+ 27. Kh2 Qxb2 28. Qd8 Qb5 29. c4 Qa4 30. Qe7 Kh7 31. Qh4+ Kg8 32. Qe7 Kh7
33. Qxb7 Qxa2 34. Qe4+ Kg8 35. c5 f6 36. Nc4 Qa6 37. Nd6 Bd7 38. Qa8+ Kh7 39.
Qe4+ Kg8 40. f5 exf5 41. Qd5+ Kh7 42. Qf7 Qa4 43. Qh5+ Kg8 44. Qf7+ Kh7 45.
Qh5+ 1/2-1/2

[Event "Werder Bremen IM-Turnier"]
[Site "?"]
[Date "2018.04.19"]
[Round "7.5"]
[White "Charmeteau, Sven"]
[Black "Osmanodja, Filiz"]
[Result "0-1"]
[WhiteElo "2287"]
[BlackElo "2352"]
[Annotator "Filiz Osmanodja"]
[PlyCount "90"]
[EventDate "2018.??.??"]

1. e4 e5 2. Nf3 Nc6 3. d4 exd4 4. Nxd4 Nf6 {das war das erste Mal, dass ich
Schottisch so mit Sf6 spiele.} 5. Nxc6 bxc6 6. e5 Qe7 7. Qe2 Nd5 8. c4 Nb6 9.
Nc3 Qe6 10. Qe4 g6 11. Bd3 Bg7 12. O-O O-O 13. f4 Ba6 14. b3 d5 15. cxd5 cxd5
16. Qe2 Bxd3 17. Qxd3 c5 18. Ba3 Rac8 {[#] Bis hierher war für mich alles
bekannt, was nicht allzu oft vorkommt.} 19. Rad1 {Sb5 oder Db5 sind wohl
vernünftige Alternativen für Weiß} f6 {der gefiel mir} 20. exf6 (20. f5 $1 {
gibt vorübergehend einen Bauern, aber stellt den Lg7 schlecht und droht eine
gefährliche Königsflügel-Öffnung für Schwarz} Qxe5 $2 (20... gxf5 21. Rxf5
fxe5 22. Rxf8+ Rxf8 23. Bxc5 Rc8 {relativ ausgeglichen, aber auch hier hat
Schwarz keinerlei Probleme}) 21. Nb5 $1 (21. Rfe1 Qxf5 22. Qxf5 gxf5 23. Nxd5
Nxd5 24. Rxd5 $14) 21... a6 22. Rde1 Qb8 23. Nc3 $16) (20. Nxd5 $2 Rfd8 21. Nc7
(21. Nxf6+ Bxf6) 21... Qe7 22. Qe2 Qxc7 $19) 20... Bxf6 21. Rfe1 Qf7 (21...
Bd4+ {wollte ich mir aufheben} 22. Kh1 Qf5 {geht aber auch}) 22. g3 (22. Nxd5
$2 Nxd5 (22... Bd4+ $2 23. Ne3 Nd5 (23... Qxf4 24. Kh1) 24. Bxc5) 23. Qxd5 Bd4+
24. Rxd4 cxd4 25. Qxd4 Qxf4 26. Qd5+ Qf7 $17) 22... Rfd8 23. Qf3 a6 {Prophylaxe
} (23... c4 {meine eigentlich Idee, aber noch würde} 24. Nb5 {ganz gut gehen
für Weiß}) 24. Rd2 c4 25. Ne2 d4 {[#]} (25... c3 26. Rd3 d4 $17 {wollte die
Bauern nicht so blockieren lassen}) 26. Red1 (26. bxc4 Nxc4 27. Rd3 Re8 {
hatte ich vor}) 26... d3 27. Nc1 Bc3 (27... Nd5 {wäre etwas besser gewesen}
28. bxc4 Ne3 29. Re1 (29. Rxd3 Nxd1 30. Qxd1 Rxd3 31. Qxd3 Qxc4 $19) 29... Nc2
$19) 28. Rg2 Re8 29. h4 Bd4+ (29... Re1+ {war eine andere Idee} 30. Rxe1 Bxe1
31. bxc4 d2 32. Nb3 Nxc4 33. Bb4 d1=Q {diesen schönen Abzug übersehen}) 30.
Kh2 Re3 {[#] Hier und auch schon davor, hatte ich ein wenig das Problem, das
jeder kennt, der irgendwann mal gut stand. Die Stellung sieht super aus, man
muss aber irgendwie gewinnen. Da ich noch keinen direkten Gewinnweg sah,
konzentrierte ich mich darauf natürliche Züge zu machen und der nächste
Schritt musste es sein, meinen Sb6 ins Spiel zu bringen.} 31. Qf1 (31. Qg4 Rce8
32. bxc4 Nxc4 $19) 31... Qf5 32. Bb4 (32. bxc4 Nxc4 $19) 32... Nd5 33. Bd2 Nf6
34. bxc4 Ng4+ 35. Kh1 Qe4 {[#] diese Fesselung wird entscheiden} 36. Bxe3 (36.
Re1 {hier geht das Schöne} Rxg3 37. Rxe4 Rh3+ 38. Rh2 Rxh2#) 36... Nxe3 37.
Qg1 (37. Re1 Nxf1 38. Rxe4 Nxg3+ 39. Rxg3 d2 {auch nicht schlecht. Das all
diese Nebenvarianten "irgendwie" für S gewinnen, zeigt nur, dass die Stellung
einfach gewonnen sein muss. So funktioniert Schach: die Stellungsbewertung
wird durch Varianten bestätigt.}) 37... Rxc4 38. Nxd3 (38. Nb3 Rc2 39. Nd2 Qd5
$19) 38... Rc2 39. Nf2 {[#]} Rxf2 40. Rxd4 (40. Qxf2 Nxd1 41. Qc2 Nf2+ $19 {
nebst Dxc2}) 40... Qxg2+ 41. Qxg2 Rxg2 42. Ra4 Rxg3 43. Rxa6 Rh3+ 44. Kg1 Rxh4
45. Kf2 Nd5 {Nach der Partie, verriet mir Sven seinen Ansatz für diese Partie:
er wollte meine Bauern vorlocken, damit sie schwach werden und falls er die
Verteidigung überlebt, wollte er dann meine Bauern schlagen. Ich hab auch
schon viele Partien erlebt, wo ich genau auf diese Weise verloren habe, wo
mein Angriff nicht durchschlug und ich meine Stellung zu sehr schwächte.
Deshalb macht Svens Herangehensweise durchaus Sinn. Aber ich denke in dieser
Partie hat man doch gemerkt, dass seine Figuren etwas zu passiv waren und ein
wirkliches Risiko brauchte ich nicht einzugehen. Ich war mir nach der Partie
sicher, dass der Computer tausend einfachere Gewinnfortsetzungen für S zeigen
würde, die ich am Brett nicht gesehen habe. Aber der Computer bestätigte
meine Vorgehensweise und geduldig seine Figuren zu verbessern ist eben
meistens keine schlechte Idee im Schach.} 0-1

[Event "Werder Bremen IM-Turnier"]
[Site "SV Werder Bremen, Clubräume "]
[Date "2018.06.23"]
[Round "8.2"]
[White "Molchanov, Oleksii"]
[Black "Charmeteau, Sven"]
[Result "1-0"]
[WhiteElo "2350"]
[BlackElo "2287"]
[Annotator "Matthias Krallmann"]
[PlyCount "45"]
[EventDate "2018.??.??"]
[WhiteClock "0:22:15"]
[BlackClock "0:39:52"]

1. c4 e5 2. Nc3 Nf6 3. Nf3 Nc6 4. e3 Be7 5. Qb3 O-O 6. Be2 a6 7. O-O {[#] Ein
seltenes Abspiel. Grischuk und Carlsen diskutierten diese Variante in zwei
Internetpartien.} (7. a3 Rb8 8. Qa2 d6 9. O-O Be6 10. Ng5 (10. d4 $5) 10... Bf5
11. d3 b5 {mit gutem Spiel für Schwarz (0-1 (35) Grischuk,A (2754)-Carlsen,M 
(2857) chess.com INT 2016)}) 7... d6 (7... Rb8 8. Nd5 (8. d4 $5) 8... b5 9. a3
Na5 (9... bxc4 10. Nxe7+ Qxe7 11. Qxc4 Na5 12. Qc3 Nb3 {mit leichtem Vorteil
für Schwarz}) 10. Qc3 {mit Ausgleich (1-0 (53) Grischuk, A (2754)-Carlsen,M 
(2857) chess.com INT 2016)}) 8. d3 Rb8 9. a3 b5 10. Qc2 bxc4 11. dxc4 a5 12.
Nd5 {[#]} Ba6 $6 {Auf dieser Diagonalen steht der Läufer falsch. Er kann
keinen Druck gegen c4 entfalten und wird schließlich selbst zum
Angriffsobjekt.} 13. Rd1 Re8 14. e4 Qc8 15. Rb1 Qb7 $2 {[#]} (15... Nd8 16. b4
axb4 17. axb4 Ne6 18. h3 {Weiß steht deutlich besser. Die schwarzen Läufer
sind beide passiv und der weiße Springer auf d5 dominiert die Stellung.}) 16.
b4 $1 {Nach diesem thematischen Vorstoß hat Weiß bereits entscheidenden
Vorteil. Schwarz kann Materialverlust nicht vermeiden.} Nxd5 (16... axb4 17.
axb4 Nxd5 18. exd5 Nxb4 19. Qa4 g6 20. Ba3 {Weiß gewinnt eine Figur}) 17. exd5
Nd4 18. Nxd4 exd4 19. b5 Qb6 20. Bb2 Bf6 21. bxa6 d3 22. Qxd3 Bxb2 23. Rd2 {
Eine souveräne Vorstellung des Turniersiegers Oleksii Moldanov!} 1-0